000 03892nam a2200349 a 4500
003 OSt
005 20250612093550.0
007 cr ||||||a|c|a
008 240814s2024 mx ||||fom||| 001 0 spa d
040 _erda
100 1 _aFlores Castro, Alonso
_9189416
245 1 0 _aEvaluación de dosis comerciales para el control de Dactylopius coccus cockerell /
_cpor Alonso Flores Castro; Jaime Alfredo Urzúa Gutiérrez; secretario Guillermo Mondragon Pedrero; vocal Santos Gerardo Leyva Mir; suplente J. Antonio Tafoya Razo; suplente Luis Emilio Castillo Márquez.
264 1 _aChapingo, México :
_bEl autor,
_c2024.
300 _a1 recurso en línea ( 49 páginas).
336 _2rdacontent
_atexto
_btxt
337 _2rdamedia
_acomputadora
_bc
338 _2rdacarrier
_arecurso en línea
_bcr
502 _bIAEPA
_cParasitología
_d2024.
_gLIC
504 _aIncluye referencias bibliográficas: páginas 48-49.
520 _aEl nopal es una planta originaria de México que está presente desde la cultura prehispánica hasta nuestros días, formando parte importante de la gastronomía mexicana. Una de las principales plagas que ataca el cultivo es la granna-cochinilla (Dactylopius coccus) y a pesar de esto hay poca información para su control siendo que ataca el nopal en todas sus etapas, por lo que en el presente trabajo se evaluaron los siguientes insecticidas dimetoato, Dioctil sulfosuccinato de sodio, deltametrina, ciantraniliprole y thiametoxan, en un experimento en bloques completamente al azar con cuatro repeticiones cada uno, con el objetivo de evaluar su eficiencia en el control sobre la colonias de cochinilla. Se evaluaron las siguientes dosis: 2.5g/L de producto comercial (p.c). para thiametoxan, 7.5ml/L de p.c. de dimetoato, 2.5 ml/L de p.c. de ciantraniliprole, 1.5 ml/l de p.c. de deltametrina, y 4 ml/L de p.c de dioctil sulfosuccinato de sodio; en todos los tratamientos se adiciono 2 ml de Index A como coadyuvante. Antes de aplicar los tratamientos se realizaron muestreos para determinar los niveles de infestación de la plaga y se seleccionaron cuatro pencas por tratamiento para aplicar el producto y evaluar a los siete días el efecto de los insecticidas. Los resultados obtenidos muestran diferencias significativas entre los tratamientos, siendo el dimetoato y el dioctil sulfosuccinato de sodio los dos tratamientos que tuvieron controles de entre 90-97%, pero a pesar de esto el dioctil sulfosuccinato de sodio a los siete días presento fitotoxicidad en el contorno de las pencas de nopal, por lo que pesar de ser una de las mejores opciones para el control se debe de tomar en cuenta que puede tener una repercusión en la producción de nopalitos para el productor, a pesar de esto este producto es más amigable con el ambiente ya que es un producto con registro OMRI y actividad multi sitio, siendo la combinación de estos dos productos para un manejo integrado evitando así la resistencia de las moléculas, ya que el dimetoato actúa por contacto e ingestión sobre el sistema nervioso y el dioctil sulfosuccinato de sodio actúa por contacto disolviendo la capa cerosa que los protege así como penetrando las lipoproteínas de la cutícula destruyendo el exoesqueleto.
650 4 _aCochinilla del nopal
_xControl
_9129744
650 4 _aNopal
_xPlagas
_981689
650 4 _aInsecticidas
_xAnálisis
_958856
650 4 _aInsecticidas
_xToxicidad
_958882
700 1 _aUrzúa Gutiérrez, Jaime Alfredo
_9117018
_eDirector de tesis.
700 1 _aMondragón Pedrero, Guillermo
_977486
_eSecretario.
700 1 _aLeyva Mir, Santos Gerardo
_eVocal.
_966581
700 0 _aTafoya Razo, José Antonio
_eSuplente.
_9111341
700 1 _aCastillo Márquez, Luis Emilio
_920176
_eSuplente.
856 _uhttp://10.13.5.2/tesis/tl/1210709-7_FLORES_CASTRO_ALONSO.pdf
_zDESCARGAR PDF
942 _2Clasificación Universidad Autónoma Chapingo
_cTD
999 _c220076
_d220076